000 nam a22 a 4500
999 _c122733
_d122733
003 BLK
005 20221115085706.0
008 180409b bul|||||r ||||||| ||bul||
010 _aKNG00128379000
040 _aBLK
041 _aBUL
_cBUL
080 _aБългарска литература
_b821.163.2
_x-31
_z821.163.2-31
100 1 _aАнтонов-Тонич, Антон
_eпърви автор
_gАнтонов, Антон Константинов
_9265826
139 _aАнтонов-Тонич, Антон
_bА 75
245 1 0 _aУлици на гнева
_bРоман
_cАнтон Антонов-Тонич; * Антон Константинов Антонов.
257 _aBGR
260 _bБълг. писател
_c1978
_aСофия
300 _a240 с.
_c21 см
380 _aX
500 _aПълното име на авт. Антон Константинов Антонов. - 20 113 тир.
700 1 _aАнтонов, Антон Константинов
_e*
_9376977
852 _aЦб 91147
_bЦб
856 4 _qpdf
_i0.00
_ldisable
856 4 _qpdf
_i0.00
_ldisable
942 _cKNG
_n0
_s1
944 _aCR
_c06.03.2012
_l06.03.2012 - от С1,Р / 06.03.2012
_kПравда_Бадева
944 _aED
_c06.03.2012
_l06.03.2012 - от С1,Р / 06.03.2012
944 _aED
_c2022-11-15
_l2022-11-15
999 _d122733